Reverendi Patris Dominici Soto Segobiensis, theologi, ordinis Praedicatorum super octo libros physicorum Aristotelis quaestiones

Detalles Bibliográficos
Autor principal: Soto, Domingo de, O. P., 1494-1560
Otros Autores: Portonariis, Andrea de, imp
Formato: Libro
Lenguaje:Latin
Publicado: Salmanticae : in aedibus Dominici à Portonariis, Cath. M. Typôgraphi, 1569.
Materias:
Colección:Banco de datos
Acervo:Seminario Conciliar de Nuestra Señora de Guadalupe Querétaro. Qro.. Biblioteca Florencio Rosas. Fondo Reservado
Descripción Física:104 h. : il. ; f°
Tema general:Filosofía
Notas:Portada con empresa tipográfica del impresor en grabado xilográfico. Varía año e impresor en el colofón. Colofón: Salmanticae, in aedibus Andrea à Portonariis Sacrae Catholicae Majestatis Typographi. 1568. Texto a dos columnas con foliación en números arábigos, cornisas, apostillas marginales, signaturas y reclamos. Incluye ilustraciones insertas en el texto en grabado xilográfico. Incluye letras capitulares con motivos florales, antropomorfos y zoomorfos en grabado xilográfico
LEADER 01255nam a22002050004500
035 |a 114 
041 0 |a lat 
100 1 |a Soto, Domingo de, O. P., 1494-1560 
245 1 0 |a Reverendi Patris Dominici Soto Segobiensis, theologi, ordinis Praedicatorum super octo libros physicorum Aristotelis quaestiones  
260 |a Salmanticae : in aedibus Dominici à Portonariis, Cath. M. Typôgraphi, 1569.  
300 |a 104 h. : il. ; f° 
500 |a Portada con empresa tipográfica del impresor en grabado xilográfico. Varía año e impresor en el colofón. Colofón: Salmanticae, in aedibus Andrea à Portonariis Sacrae Catholicae Majestatis Typographi. 1568. Texto a dos columnas con foliación en números arábigos, cornisas, apostillas marginales, signaturas y reclamos. Incluye ilustraciones insertas en el texto en grabado xilográfico. Incluye letras capitulares con motivos florales, antropomorfos y zoomorfos en grabado xilográfico 
501 |a 1 obra 
600 1 4 |a Aristóteles 
650 1 0 |a Filosofía  
700 1 |a Portonariis, Andrea de, imp. 
949 |a Fondo Reservado: 39-B 
942 |c QUER-RES 
943 |g Seminario Conciliar de Nuestra Señora de Guadalupe Querétaro. Qro.. Biblioteca Florencio Rosas. Fondo Reservado 
999 |c 1107778  |d 1107778